Detalles MARC
| 000 -LIDER |
| fixed length control field |
01369nam a2200349Ia 4500 |
| 001 - NÚMERO DE CONTROL |
| Identificador de número de control |
6107 |
| 003 - IDENTIFICACDOR DE NÚMERO DE CONTROL |
| control field |
DO-SdBNP |
| 005 - DATE AND TIME OF LATEST TRANSACTION |
| control field |
20220609104022.0 |
| 008 - ELEMENTOS DE LONGITUD FIJA |
| fixed length control field |
140604s1997 xx 000 0spa d |
| 020 ## - ISBN |
| International Standard Book Number |
082703704X |
| 040 ## - FUENTE DE CATALOGACIÓN |
| Agencia que crea de manera original el registro |
BPMSU |
| Idioma de catalogación |
spa |
| Agencia que realiza la transcripción |
BPMSU |
| 082 ## - NÚMERO DE CLASIFICACIÓN DECIMAL DE DEWEY |
| Classification number |
928.61 |
| Item number |
H519C 1997 |
| Edition number |
22 |
| 100 1# - ASIENTO PRINCIPAL -- NOMBRE PERSONAL |
| Nombre personal |
Carilla, Emilio |
| 245 ## - MENCIÓN DE TITULO |
| Título |
Pedro Henríquez Ureña : |
| Subtítulo |
signo de América / |
| Mención de responsabilidad |
Emilio Carilla |
| 260 ## - PUBLICACIÓN, DISTRIBUCIÓN, ETC. (PIE DE IMPRENTA) |
| Lugar de publicación, distribución, etc |
Wanhington : |
| Nombre del editor, distribuidor, etc. |
Secretaría Ejecutiva para el Desarrollo Integral, |
| Fecha de publicación, distribución, etc |
1997. |
| 300 ## - DESCRIPCIÓN FÍSICA |
| Extensión |
186 p ; |
| Dimensiones |
23 cm. |
| 490 0# - MENCIÓN DE SERIES |
| Mención de serie |
Interamer; |
| -- |
Cultural |
| Volume/sequential designation |
62 |
| 500 ## - NOTA GENERAL |
| Nota general |
Primer premio del Concurso-Homenaje sobre la Obra del Humanista Pedro Henriquez Ureña. |
| 590 ## - NOTA LOCAL |
| Enlace |
Inventariado, 2022/VM |
| 600 14 - ENCABEZAMIENTO DE MATERIA--NOMBRE PERSONAL |
| Nombre personal |
Henríquez Ureña, Pedro, |
| Fechas asociadas con el nombre |
1884-1946 |
| Subdivisión temática general |
Homenajes. |
| 600 14 - ENCABEZAMIENTO DE MATERIA--NOMBRE PERSONAL |
| Nombre personal |
Henríquez Ureña, Pedro |
| Fechas asociadas con el nombre |
1884-1946 |
| Subdivisión temática general |
Crítica e interpretación |
| 600 14 - ENCABEZAMIENTO DE MATERIA--NOMBRE PERSONAL |
| Nombre personal |
Henríquez Ureña, Pedro, |
| Fechas asociadas con el nombre |
1884-1946 |
| Subdivisión temática general |
Correspondencia, memorias, etc.. |
| 650 #4 - ENCABEZAMIENTO DE MATERIA--TEMÁTICO |
| Término temático o nombre geográfico como elemento de entrada |
Autores dominicanos |
| Subdivisión de forma |
Biografías |
| Subdivisión cronológica |
Siglo XX |
| Término temático seguido del nombre geográfico como elemento de entrada |
|
| 650 #4 - ENCABEZAMIENTO DE MATERIA--TEMÁTICO |
| Término temático o nombre geográfico como elemento de entrada |
Autores dominicanos |
| Subdivisión temática general |
Crítica e interpretación. |
| 710 2# - ASIENTO SECUNDARIO -- NOMBRE CORPORATIVO |
| Nombre corporativo o de jurisdicción |
Organización de los Estados Americanos |
| 710 2# - ASIENTO SECUNDARIO -- NOMBRE CORPORATIVO |
| Nombre corporativo o de jurisdicción |
Universidad Nacional Pedro Henríquez Ureña (Reública Dominicana) |
| 852 ## - LOCALIZACIÓN |
| Número de copia |
|
| 856 ## - UBICACIÓN ELECTRÓNICA Y ACCESO |
| Materiales especificados |
Archivo Digital Biblioteca Nacional |
| 856 ## - UBICACIÓN ELECTRÓNICA Y ACCESO |
| Identificador Uniforme del Recurso (“URI”) |
biblio.bnphu.gob.do/Archivos_Digitales/PDF |
| 910 ## - VALIDACIÓN |
| Validación |
VMateo V. |
| 942 ## - ADDED ENTRY ELEMENTS (KOHA) |
| Source of classification or shelving scheme |
Dewey Decimal Classification |
| Koha item type |
Libros |
| Call number suffix |
|